| 000 | 01420nam a2200325 c 4500 | ||
|---|---|---|---|
| 003 | BLK | ||
| 005 | 20180420220342.0 | ||
| 008 | 180407b bul|||||r ||||||| ||bul|| | ||
| 010 | _aKNG00032739000 | ||
| 020 |
_a954-01-0951-5 _bиздат.: Просвета |
||
| 040 | _aBLK | ||
| 041 |
_aBUL _cBUL |
||
| 080 |
_aЕстетика. Философия. Вкус. Теория на музиката. Вж и 534.3;781 _b78.01 _x(076) _z78.01(076) |
||
| 100 | 1 |
_aЦинандова-Харалампиева, Веса Любомирова _eпърви автор _9140078 |
|
| 139 |
_aЦинандова-Харалампиева, Веса Любомирова _bЦ 63 |
||
| 245 | 1 | 0 |
_aЕстетика на музиката _bУч. помагало за студенти и ученици _cВеса Любомирова Цинандова-Харалампиева. |
| 257 | _aBGR | ||
| 260 |
_аСофия _bПросвета _c2000 _fВ. Търново : Абагар |
||
| 300 |
_a120 с. _c22 см |
||
| 380 | _a7 | ||
| 500 | _aОфс. изд. - 1 090 тир. - Библиогр. с. 111-118. | ||
| 650 | 4 |
_aЕстетика, музикална _9246673 |
|
| 653 | _aмузикална естетика | ||
| 653 | _aучебни помагала | ||
| 852 | _aЦб 204885 | ||
| 856 | 4 |
_qpdf _u |
|
| 856 | 4 |
_qpdf _u |
|
| 942 |
_cKNG _n0 |
||
| 944 |
_aCR _c15.01.2003 _lф / _kAB_DOS |
||
| 944 |
_aED _c15.12.2016 _lф / _kЛюдмила_Стоянова |
||
| 999 |
_c30107 _d30107 |
||